000 00636nam a2200229Ia 4500
005 20241129115538.0
008 241129s9999||||xx |||||||||||||| ||und||
020 _a9780821887301
037 _aTB
040 _aSDCL
_beng
_cSDCL
041 _aeng
_2eng
084 _aB6:1 Q2;1
_qSDCL
100 _aKatz Sheldon
_9456153
245 0 _aEnumerative geometry and string theory
260 _aHimayatnagar
_bAmerican Mathematical Society
_c2012
300 _axiii,206p.
365 _aINR
_b0
490 _aStudent mathematical library Volume 32
650 _aGift
942 _cTB
_hB6:1 Q2;1
999 _c1230914
_d1230914